Blood groups in man / (Record no. 5049)
[ view plain ]
| 000 -LEADER | |
|---|---|
| fixed length control field | 00885cam a2200265 i 4500 |
| 001 - CONTROL NUMBER | |
| control field | 3167876 |
| 003 - CONTROL NUMBER IDENTIFIER | |
| control field | OSt |
| 005 - DATE AND TIME OF LATEST TRANSACTION | |
| control field | 20160822142531.0 |
| 008 - FIXED-LENGTH DATA ELEMENTS--GENERAL INFORMATION | |
| fixed length control field | 760408s1975 enka b 001 0 eng |
| 010 ## - LIBRARY OF CONGRESS CONTROL NUMBER | |
| LC control number | 75330416 |
| 015 ## - NATIONAL BIBLIOGRAPHY NUMBER | |
| National bibliography number | GB*** |
| 020 ## - INTERNATIONAL STANDARD BOOK NUMBER | |
| International Standard Book Number | 0632004312 |
| 040 ## - CATALOGING SOURCE | |
| Original cataloging agency | DLC |
| Transcribing agency | DLC |
| Modifying agency | ICU |
| -- | DLC |
| 082 ## - DEWEY DECIMAL CLASSIFICATION NUMBER | |
| Classification number | WH 420 |
| Item number | R115b 1975 |
| 100 1# - MAIN ENTRY--PERSONAL NAME | |
| Personal name | Race, R. R. |
| 9 (RLIN) | 10827 |
| 245 10 - TITLE STATEMENT | |
| Title | Blood groups in man / |
| Statement of responsibility, etc. | R. R. Race and Ruth Sanger ; with a foreword by Sir Ronald Fisher. |
| 250 ## - EDITION STATEMENT | |
| Edition statement | 6th ed. |
| 260 ## - PUBLICATION, DISTRIBUTION, ETC. (IMPRINT) | |
| Place of publication, distribution, etc. | Oxford : |
| Name of publisher, distributor, etc. | Blackwell Scientific Publications ; |
| Place of publication, distribution, etc. | Philadelphia : |
| Name of publisher, distributor, etc. | distributed by J. B. Lippincott, |
| Date of publication, distribution, etc. | 1975. |
| 300 ## - PHYSICAL DESCRIPTION | |
| Extent | xix, 659 p. : |
| Other physical details | ill. ; |
| Dimensions | 24 cm. |
| 504 ## - BIBLIOGRAPHY, ETC. NOTE | |
| Bibliography, etc | Includes bibliographical references and index. |
| 650 #0 - SUBJECT ADDED ENTRY--TOPICAL TERM | |
| Topical term or geographic name as entry element | Blood groups. |
| 9 (RLIN) | 10825 |
| 700 1# - ADDED ENTRY--PERSONAL NAME | |
| Personal name | Sanger, Ruth, |
| Relator term | joint author. |
| 9 (RLIN) | 10828 |
| 906 ## - LOCAL DATA ELEMENT F, LDF (RLIN) | |
| a | 7 |
| b | cbc |
| c | orignew |
| d | 4 |
| e | ncip |
| f | 19 |
| g | y-gencatlg |
| 942 ## - ADDED ENTRY ELEMENTS (KOHA) | |
| Source of classification or shelving scheme | Other/Generic Classification Scheme |
| Koha item type | Open Shelf |
| Withdrawn status | Lost status | Source of classification or shelving scheme | Damaged status | Not for loan | Home library | Current library | Date acquired | Source of acquisition | Inventory number | Total Checkouts | Full call number | Barcode | Date last seen | Price effective from | Koha item type |
|---|---|---|---|---|---|---|---|---|---|---|---|---|---|---|---|
| Other/Generic Classification Scheme | MUST Main Library | MUST Main Library | 22/08/2016 | 2013/36921 | WH 420 R115b 1975 | 2016-3768 | 22/08/2016 | 22/08/2016 | Open Shelf | ||||||
| Other/Generic Classification Scheme | MUST Main Library | MUST Main Library | 22/08/2016 | 2013/36792 | WH 420 R115b 1975 | 2016-3769 | 22/08/2016 | 22/08/2016 | Open Shelf | ||||||
| Other/Generic Classification Scheme | MUST Main Library | MUST Main Library | 22/08/2016 | 2013/37012 | WH 420 R115b 1975 | 2016-3770 | 22/08/2016 | 22/08/2016 | Open Shelf | ||||||
| Other/Generic Classification Scheme | MUST Main Library | MUST Main Library | 22/08/2016 | 2011/33999 | WH 420 R115b 1975 | 2016-3771 | 22/08/2016 | 22/08/2016 | Open Shelf |
